Deutsche Alben der 1970er-Jahre - Statistiken

Allgemein
  • Dieses Quiz wurde 44 mal gespielt
  • Das Durchschnittsergebnis liegt bei 9 aus 25
Antwortstatistiken
Jahr Album Interpret % Korrekt
1975 Mein Gott, Walther Mike Krüger
75%
1973 Der Junge mit der Mundharmonika Bernd Clüver
67%
1972 Schöne Maid Tony Marshall
67%
1975 Tränen lügen nicht – Lieder zum Träumen Michael Holm
64%
1979 Steppenwolf Peter Maffay
58%
1974 Autobahn Kraftwerk
56%
1978 Am Fenster City
47%
1971 In einer Bar in Mexiko – Seine großen Erfolge 2 Heino
44%
1979 Unbehagen Nina Hagen Band
44%
1978 Ich zeige dir mein Paradies Andrea Jürgens
42%
1976 Lieder der Nacht Marianne Rosenberg
39%
1975 Votan Wahnwitz Udo Lindenberg + Panik-Orchester
36%
1972 Keine Macht für Niemand Ton Steine Scherben
33%
1971 Eine Liebesgeschichte Roy Black
31%
1972 Mein achtel Lorbeerblatt Reinhard Mey
28%
1971 Tago Mago Can
25%
1971 Worum geht’s hier eigentlich? Hildegard Knef
17%
1970 Kosaken müssen reiten Ivan Rebroff
17%
1976 Ein neuer Anfang Jürgen Drews
17%
1977 Perlenfischer Puhdys
17%
1973 Rote Rosen für dich Freddy Breck
11%
1975 Wahnsinn Frank Zander
8%
1976 Kleines Testament Hannes Wader
8%
1979 Träum was Schönes James Last
8%
1979 Hafen Träume Lale Andersen
6%
Keine übereinstimmenden Quizze gefunden
Verteilung der Resultate
Anzahl Personen mit jedem Resultat
Perzentil nach korrekt beantworteten Fragen
Ihre Resultats-Entwicklung
Sie haben dieses Quiz noch nicht gespielt